Writing and Producing Radio Dramas (Record no. 4013)

MARC details
000 -LEADER
fixed length control field 00404nam a22001697a 4500
005 - DATE AND TIME OF LATEST TRANSACTION
control field 20160625122637.0
008 - FIXED-LENGTH DATA ELEMENTS--GENERAL INFORMATION
fixed length control field 160625b xxu||||| |||| 00| 0 eng d
020 ## - INTERNATIONAL STANDARD BOOK NUMBER
ISBN 0-7619-3326-3
041 ## - LANGUAGE CODE
Language code of text/sound track or separate title eng
082 ## - DEWEY DECIMAL CLASSIFICATION NUMBER
Item number 10199
100 ## - MAIN ENTRY--AUTHOR NAME
Personal name Fossard, Esta De
245 ## - TITLE STATEMENT
Title Writing and Producing Radio Dramas
260 ## - PUBLICATION, DISTRIBUTION, ETC. (IMPRINT)
Name of publisher Sage
Year of publication 2005
300 ## - PHYSICAL DESCRIPTION
Number of Pages 325
650 ## - SUBJECT ADDED ENTRY--TOPICAL TERM
Topical Term Mass Communication
942 ## - ADDED ENTRY ELEMENTS (KOHA)
Koha item type Books
Holdings
Lost status Damaged status Home library Current library Shelving location Date acquired Cost, normal purchase price Full call number Accession Number Koha item type
    JRU Library   SHELF-31-G 25/06/2016 395.00 10199 10199 Books
    JRU Library   SHELF-31-G 25/06/2016 395.00 10199 10200 Books